00234nam a2200097Ia 4500008004100000082000800041100001800049245004800067942000600115999001500121240331s9999 xx 000 0 und d bRAG aRaghavan, M.D 4aThe karava of Ceylon :bsociety and culture cL c1971d1971